| 000 | 00458nab a2200145Ia 4500 | ||
|---|---|---|---|
| 003 | ES-SlBCS | ||
| 005 | 20210601135156.0 | ||
| 008 | 140529s1988 xxu||||| |||| 00| 0 spa d | ||
| 041 | _aspa | ||
| 100 | 1 |
_aMonclús Estella, Antonio _9228883 |
|
| 245 | 0 | 0 |
_aLa política del MEC sobre educación de adultos _c Antonio Monclús Estella |
| 650 | 0 | 4 |
_aEducación de Adultos _9128539 |
| 773 | 0 |
_tBordon _gvol. 40, nº. 3, 1988, págs. 493-500 _wRev1090 |
|
| 942 | _cAR | ||
| 999 |
_c624110 _d624110 |
||